Loading...
Soils and soil fertility
| Main Author: | |
|---|---|
| Other Authors: | |
| Format: | Printed Book |
| Language: | Undetermined English |
| Published: |
New Delhi
Tata Mcgraw hill publishing company Ltd
1957
|
| Edition: | 3 |
| Subjects: |
| LEADER | 00768nam a2200205Ia 4500 | ||
|---|---|---|---|
| 008 | 140306s9999 xx 000 0 und d | ||
| 041 | |a eng | ||
| 082 | |a 531.8 |b THO/SO | ||
| 100 | |a Thomson, L.M | ||
| 700 | |a Troeh, F.R | ||
| 245 | |a Soils and soil fertility | ||
| 250 | |a 3 | ||
| 260 | |a New Delhi |b Tata Mcgraw hill publishing company Ltd |c 1957 | ||
| 300 | |a 495 | ||
| 365 | |b Rs.19.80 | ||
| 650 | |a Soil conditioners | ||
| 942 | |2 ddc |c BK | ||
| 999 | |c 121986 |d 121986 | ||
| 952 | |0 0 |1 0 |2 ddc |4 0 |6 531_800000000000000_THOSO |7 0 |9 121429 |a KAUHCV |b KAUHCV |d 2004-05-13 |g 19.80 |o 531.8 THO/SO |p KAU_HCV-1602 |r 2014-03-22 |w 2014-03-22 |y BK | ||
| 952 | |0 0 |1 0 |2 ddc |4 0 |6 531_800000000000000_THOSO |7 0 |9 121430 |a KAUHCV |b KAUHCV |d 2004-05-13 |g 19.80 |o 531.8 THO/SO |p KAU_HCV-21665 |r 2014-03-22 |w 2014-03-22 |y BK | ||